Didáctica sobre actividades creadoras y prácticas
Gespeichert in:
| 1. Verfasser: | |
|---|---|
| Format: | Buch |
| Sprache: | Spanisch |
| Veröffentlicht: |
Ciudad de México
Oasis
1969
|
| Schriftenreihe: | Nueva biblioteca Pedagógica, 8
|
| Schlagworte: | |
| Tags: |
Tag hinzufügen
Keine Tags, Fügen Sie den ersten Tag hinzu!
|
MARC
| LEADER | 00000nam a2200000 a 4500 | ||
|---|---|---|---|
| 001 | UCW6730 | ||
| 003 | CL-VaPUC | ||
| 008 | 920430e19690000MX |||||||||||||||||spa|d | ||
| 082 | 0 | 4 | |a 372.5 |b PER |2 21 |
| 100 | 0 | |a Pérez Díaz, Arturo |e author |9 311793 | |
| 245 | 1 | 0 | |a Didáctica sobre actividades creadoras y prácticas |
| 300 | |a 3 v | ||
| 942 | |c BK | ||
| 945 | |d 19920430 00:00:00 | ||
| 260 | |a Ciudad de México |b Oasis |c 1969 | ||
| 650 | 0 | |a Aptitud creadora |9 307292 | |
| 650 | 7 | |a PENSAMIENTO CREATIVO EDUCACION |2 CL-VaPUC |9 307611 | |
| 583 | |a last modification |c 19920430 00:00:00 |k Rodrigo Vera | ||
| 490 | 0 | |a Nueva biblioteca Pedagógica, 8 | |
| 999 | |c 219694 |d 219692 | ||
| 952 | |0 0 |1 0 |4 0 |6 372_500000000000000_PER_1969 |7 0 |8 P |9 210917 |a BIBEDU |b BIBEDU |c BIBEDU_PB |d 2019-11-15 |h v.3 |i 2791463 |o 372.5 PER 1969 |p 2791463 |r 2024-01-25 |w 2019-11-15 |y BK |k EDU | ||